Surprising Colombia : (Registro nro. 8125)

Detalles MARC
000 -LEADER
fixed length control field 00829nam a2200205Ia 4500
003 - CONTROL NUMBER IDENTIFIER
control field OSt
005 - DATE AND TIME OF LATEST TRANSACTION
control field 20210715143006.0
008 - FIXED-LENGTH DATA ELEMENTS--GENERAL INFORMATION
fixed length control field 210310s2006 ck aod fr 000 0 eng d
040 ## - CATALOGING SOURCE
Original cataloging agency CO-JMCR
Transcribing agency CO-JMCR
041 0# - LANGUAGE CODE
Language code of text/sound track or separate title eng
082 04 - DEWEY DECIMAL CLASSIFICATION NUMBER
Classification number 332.672 /
Item number P964c1
Edition number 23
110 2# - MAIN ENTRY--CORPORATE NAME
Corporate name or jurisdiction name as entry element Proexport
9 (RLIN) 38495
245 10 - TITLE STATEMENT
Title Surprising Colombia :
Remainder of title the go-to place: foreign investment guide 2006 /
Statement of responsibility, etc. Proexport
260 ## - PUBLICATION, DISTRIBUTION, ETC.
Place of publication, distribution, etc. [Bogotá] :
Name of publisher, distributor, etc. Proexport,
Date of publication, distribution, etc. 2006
300 ## - PHYSICAL DESCRIPTION
Extent 85 páginas :
Other physical details ilustraciones, fotografías y gráficas a color ;
Dimensions 29 cm.
505 0# - FORMATTED CONTENTS NOTE
Formatted contents note Market potencial -- Infraestructure -- Macroeconomic performance -- Export platform -- Economic sectors -- Foreign investment -- Institutions $ legal information
650 14 - SUBJECT ADDED ENTRY--TOPICAL TERM
Topical term or geographic name entry element Inversiones extranjeras
9 (RLIN) 16406
Geographic subdivision Colombia
650 24 - SUBJECT ADDED ENTRY--TOPICAL TERM
Topical term or geographic name entry element Sectores económicos
Geographic subdivision Colombia
9 (RLIN) 38496
942 ## - ADDED ENTRY ELEMENTS (KOHA)
Source of classification or shelving scheme Dewey Decimal Classification
Koha item type Books
Existencias
Withdrawn status Lost status Source of classification or shelving scheme Damaged status Not for loan Collection code Home library Current library Date acquired Source of acquisition Full call number Barcode Date last seen Copy number Koha item type Total Checkouts Price effective from
    Dewey Decimal Classification     Non-fiction Biblioteca Pública José María del Castillo y Rada Biblioteca Pública José María del Castillo y Rada 04/15/2018 Donación 332.672 / P964c1 430003216 05/16/2024 Ej.1 Books    
    Dewey Decimal Classification     Non-fiction Biblioteca Pública José María del Castillo y Rada Biblioteca Pública José María del Castillo y Rada 04/15/2018 Donación 332.672 / P964c1 430003217 05/16/2024 Ej.2 Books   07/15/2021